[Event "European Hybrid Swiss TB"]
[Site "Tornelo INT"]
[Date "2021.05.30"]
[Round "5.13"]
[White "Braun, Arik"]
[Black "Savchenko, Boris"]
[Result "0-1"]
[WhiteTitle "GM"]
[BlackTitle "GM"]
[WhiteElo "2609"]
[BlackElo "2538"]
[WhiteFideId "4663527"]
[BlackFideId "4147332"]
[EventDate "2021.05.30"]

1. d4 Nf6 2. c4 g6 3. Nc3 d5 4. cxd5 Nxd5 5. Bd2 Nb6 6. e3 Bg7 7. h4 h5 8. Nf3
Nc6 9. Be2 e5 10. dxe5 O-O 11. Qc2 Nb4 12. Qe4 c5 13. O-O Re8 14. Rad1 Bf5 15.
Qf4 Bc2 16. Rc1 Qe7 17. Qg3 Bd3 18. a3 Bxe2 19. Nxe2 Nd3 20. Rc2 Nd7 21. Bc3
Rad8 22. Rd1 N7xe5 23. Nxe5 Nxe5 24. Rcd2 Rxd2 25. Rxd2 Ng4 26. Bxg7 Kxg7 27.
Nc3 Rd8 28. Rxd8 Qxd8 29. f3 Nh6 30. Qe5+ Qf6 31. Qxf6+ Kxf6 32. Ne4+ Ke7 33.
Nxc5 b6 34. Nb3 Nf5 35. Kf2 Nxh4 36. Nd4 a6 37. e4 g5 38. Nc6+ Kd6 39. Nb4 a5
40. Nd5 Kc5 41. Ne7 Kd4 42. b4 Kc4 43. Nc8 axb4 44. axb4 b5 45. Nd6+ Kxb4 46.
Nxf7 Kc4 47. e5 b4 48. e6 Nf5 49. Ke2 Nd4+ 50. Kd2 Nxe6 51. Kc2 Kd4 52. Kb3 Ke3
53. Kxb4 Kf2 54. Kc4 Kxg2 55. Kd5 h4 56. Ne5 h3 57. Ng4 Kxf3 58. Nh2+ Kg2 59.
Ng4 h2 0-1

[Event "European Hybrid Swiss TB"]
[Site "Tornelo INT"]
[Date "2021.05.30"]
[Round "5.14"]
[White "Ivanisevic, Ivan"]
[Black "Teclaf, Pawel"]
[Result "0-1"]
[WhiteTitle "GM"]
[BlackTitle "IM"]
[WhiteElo "2606"]
[BlackElo "2502"]
[WhiteFideId "912417"]
[BlackFideId "1185934"]
[EventDate "2021.05.30"]

1. d4 e6 2. c4 b6 3. a3 Bb7 4. Nc3 f5 5. Bf4 g5 6. Be5 Nf6 7. e3 Nc6 8. Bg3 Bg7
9. h4 f4 10. hxg5 fxg3 11. f4 Ng8 12. Qh5+ Kf8 13. Nf3 Qe8 14. Qg4 Nge7 15. Qxg3
Qg6 16. O-O-O Nf5 17. Qf2 Qf7 18. Bd3 Na5 19. Rh3 c5 20. d5 b5 21. Ne5 Bxe5 22.
fxe5 bxc4 23. Bxf5 Qxf5 24. Qxf5+ exf5 25. Nb5 Re8 26. Nd6 Rxe5 27. g6 Bxd5 28.
e4 fxe4 29. Rf1+ Ke7 30. Nf5+ Kd8 31. g7 Rg8 32. Rxh7 e3 33. Nh6 Nb3+ 34. Kc2
Be4+ 35. Kc3 Bxh7 36. Nxg8 Bxg8 37. Rf8+ Re8 0-1

[Event "European Hybrid Swiss TB"]
[Site "Tornelo INT"]
[Date "2021.05.30"]
[Round "5.15"]
[White "Afanasiev, Nikita"]
[Black "Kozak, Adam"]
[Result "0-1"]
[WhiteTitle "GM"]
[BlackTitle "GM"]
[WhiteElo "2522"]
[BlackElo "2518"]
[WhiteFideId "24183555"]
[BlackFideId "753246"]
[EventDate "2021.05.30"]

1. e4 e5 2. Nf3 Nc6 3. d4 exd4 4. Nxd4 Nf6 5. Nxc6 bxc6 6. e5 Qe7 7. Qe2 Nd5 8.
c4 Nb6 9. g3 Qe6 10. Nd2 Bb4 11. a3 Bxd2+ 12. Bxd2 a5 13. a4 O-O 14. b3 f6 15.
f4 fxe5 16. Qxe5 Qf7 17. Qxc7 Re8+ 18. Kf2 Qf6 19. Re1 Rxe1 20. Kxe1 c5 21. Qe5
Qf7 22. Kf2 Bb7 23. Rg1 d5 24. Qd6 Nd7 25. Bg2 Nf6 26. cxd5 Ng4+ 27. Kf3 Qf5 28.
h3 Bxd5+ 29. Qxd5+ Qxd5+ 30. Kxg4 Qd7+ 31. Kh5 g6+ 32. Kh6 Qg7+ 33. Kg5 h6+ 34.
Kh4 Qe7+ 35. Kg4 Qd7+ 36. Kh4 Qxd2 37. Bxa8 Qd8+ 0-1

[Event "European Hybrid Swiss TB"]
[Site "Tornelo INT"]
[Date "2021.05.30"]
[Round "5.16"]
[White "Can, Emre"]
[Black "Gabuzyan, Hovhannes"]
[Result "0-1"]
[WhiteTitle "GM"]
[BlackTitle "GM"]
[WhiteElo "2569"]
[BlackElo "2590"]
[WhiteFideId "6302181"]
[BlackFideId "13303732"]
[EventDate "2021.05.30"]

1. d4 Nf6 2. c4 c5 3. d5 a6 4. a4 e6 5. Nc3 Qe7 6. Nf3 exd5 7. cxd5 d6 8. Bf4 g6
9. h3 Bg7 10. e3 O-O 11. Be2 Nbd7 12. O-O Ne8 13. a5 Ne5 14. Nd2 Nc7 15. Bh2 Bd7
16. Qb3 f5 17. Qb6 Rfc8 18. Nc4 Nxc4 19. Bxc4 Ne8 20. Rfe1 Qd8 21. Qb3 Rcb8 22.
e4 b5 23. Bf1 Ra7 24. e5 dxe5 25. Bxe5 Bxe5 26. Rxe5 Nd6 27. Rae1 Qxa5 28. Re6
Re8 29. Rxe8+ Bxe8 30. Qd1 Bf7 31. Qd2 Qd8 32. Qf4 Re7 33. Ra1 Qb6 34. h4 h5 35.
Qg5 Re8 36. Qf6 c4 37. Ne2 Qxf2+ 38. Kxf2 Ne4+ 39. Ke3 Nxf6+ 40. Kd4 Nxd5 41.
Rxa6 Ne3 42. Ng3 f4 43. Ne4 Nf5+ 0-1

[Event "European Hybrid Swiss TB"]
[Site "Tornelo INT"]
[Date "2021.05.30"]
[Round "5.17"]
[White "Anton Guijarro, David"]
[Black "Krasenkow, Michal"]
[Result "0-1"]
[WhiteTitle "GM"]
[BlackTitle "GM"]
[WhiteElo "2673"]
[BlackElo "2597"]
[WhiteFideId "2285525"]
[BlackFideId "1113100"]
[EventDate "2021.05.30"]

1. Nf3 d5 2. c4 d4 3. b4 g6 4. d3 Bg7 5. g3 a5 6. b5 c5 7. Bg2 e5 8. O-O Ne7 9.
a4 Nd7 10. Ra2 Ra7 11. e3 b6 12. exd4 exd4 13. Re1 O-O 14. Rae2 Nf5 15. Bf4 Bb7
16. g4 Nh4 17. Nxh4 Qxh4 18. Re7 Bxg2 19. Kxg2 Bf6 20. Re8 Bg5 21. Bg3 Qh6 22.
Bd6 Bf4 23. Bxf4 Qxf4 24. Qf3 Qxf3+ 25. Kxf3 f6 26. R8e6 Ne5+ 27. Ke2 Rb7 28. f4
Kf7 29. Rd6 Nxg4 30. Kf3 Ne3 31. Nd2 f5 32. Nf1 Nxf1 33. Rxf1 Re8 34. Kg2 Re6
35. Rd8 Rbe7 36. Rb8 h6 37. Rf2 Rf6 38. Rf3 g5 39. fxg5 hxg5 40. Rh3 Re2+ 41.
Kf1 Ra2 42. Rhh8 Rxa4 43. Rb7+ Kg6 44. Rg8+ Kh5 45. Rbg7 g4 46. Rh7+ Rh6 47. Rf7
Kh4 48. Rxf5 Kh3 49. Rg6 Ra1+ 50. Kf2 Rh4 51. Rxb6 Kxh2 52. Rg6 Ra2+ 53. Ke1 g3
54. b6 Rh7 55. Rxc5 g2 56. Rf5 g1=Q+ 57. Rxg1 Kxg1 58. c5 Re7+ 59. Kd1 Ree2 60.
Rg5+ Kh2 61. b7 Reb2 62. Kc1 Rxb7 0-1

[Event "European Hybrid Swiss TB"]
[Site "Tornelo INT"]
[Date "2021.05.30"]
[Round "5.18"]
[White "Martinovic, Sasa"]
[Black "Paichadze, Luka"]
[Result "1/2-1/2"]
[WhiteTitle "GM"]
[BlackTitle "GM"]
[WhiteElo "2548"]
[BlackElo "2565"]
[WhiteFideId "14509792"]
[BlackFideId "13602934"]
[EventDate "2021.05.30"]

1. d4 Nf6 2. c4 e6 3. Nc3 Bb4 4. Qc2 O-O 5. Nf3 d6 6. Bd2 Nbd7 7. a3 Bxc3 8.
Bxc3 b6 9. e4 Bb7 10. Bd3 h6 11. O-O c5 12. Rad1 Qc7 13. d5 Rae8 14. Rfe1 e5 15.
Bd2 Bc8 16. b4 Nh5 17. g3 Ndf6 18. Nh4 Nh7 19. Be2 N5f6 20. Rb1 Ng5 21. f3 Bd7
22. Be3 Qc8 23. bxc5 bxc5 24. Rb2 Nfh7 25. Reb1 f5 26. exf5 Bxf5 27. Nxf5 Qxf5
28. Qxf5 Rxf5 29. Kg2 Ref8 30. Rb8 Rxb8 31. Rxb8+ Rf8 32. Rb5 Nf6 33. Ra5 Rf7
34. h4 Ngh7 35. Ra6 Rd7 36. Bd1 e4 37. Ba4 Rb7 38. Bb5 exf3+ 39. Kxf3 Nxd5 40.
cxd5 Rxb5 41. Rxd6 Nf6 42. g4 c4 43. Rd8+ Kf7 44. d6 Rb3 45. Rc8 Rxa3 46. g5
hxg5 47. hxg5 Nd7 48. Ke4 Ke6 49. Bf4 Nb6 50. Re8+ Kd7 51. Re7+ Kd8 52. Rxg7 c3
53. Kf5 c2 54. Ke6 Kc8 55. Rc7+ Kd8 56. Rxc2 Ra4 57. Be5 Re4 58. Rh2 Kc8 59.
Rh8+ Kb7 60. Kf5 Re2 61. Rh7+ Kc6 62. Rc7+ Kd5 63. Bf4 Re8 64. g6 Rf8+ 65. Rf7
Rxf7+ 66. gxf7 Nd7 67. Kg6 a5 68. Kg7 Ke6 69. f8=Q Nxf8 70. Kxf8 Kd7 71. Kf7 a4
72. Kf6 a3 73. Be5 a2 74. Kf5 a1=Q 75. Bxa1 Kxd6 1/2-1/2

[Event "European Hybrid Swiss TB"]
[Site "Tornelo INT"]
[Date "2021.05.30"]
[Round "6.1"]
[White "Indjic, Aleksandar"]
[Black "Artemiev, Vladislav"]
[Result "1/2-1/2"]
[WhiteTitle "GM"]
[BlackTitle "GM"]
[WhiteElo "2607"]
[BlackElo "2709"]
[WhiteFideId "911925"]
[BlackFideId "24101605"]
[EventDate "2021.05.30"]

1. d4 d5 2. c4 c6 3. Nc3 Nf6 4. Nf3 e6 5. Qb3 Nbd7 6. Bf4 Be7 7. e3 Nh5 8. h4
Nxf4 9. exf4 Nf6 10. O-O-O a5 11. Qc2 a4 12. cxd5 a3 13. dxc6 axb2+ 14. Kb1 bxc6
15. Ne5 Bd7 16. Bc4 Nd5 17. f5 O-O 18. Nxd5 cxd5 19. fxe6 Bxe6 20. Nc6 Qd6 21.
Nxe7+ Qxe7 22. Bb3 Rfb8 23. Qxb2 Bf5+ 24. Ka1 Qb4 25. Rhe1 h6 26. Re3 Bd7 27.
Qc3 Qb7 28. Qc5 Ba4 29. Rb1 Qa6 30. Bxd5 Rxb1+ 31. Kxb1 Rb8+ 32. Bb3 Qf1+ 33.
Qc1 Qxf2 34. g3 Bxb3 35. Rxb3 Ra8 36. Ra3 Re8 37. Rd3 Qf5 38. Qc2 Qb5+ 39. Ka1
Qd5 40. Rd1 Ra8 41. Rd3 h5 42. Kb1 g6 43. Rc3 Rb8+ 44. Rb3 Re8 45. Rd3 Re1+ 46.
Kb2 Qb5+ 47. Qb3 Re2+ 48. Kb1 Qf5 49. Ka1 Qf1+ 50. Rd1 Qf6 51. Qc4 Rg2 52. Qb3
Kg7 53. Kb1 Qf5+ 54. Ka1 Qf2 55. d5 Rxg3 56. Qb2+ Qxb2+ 57. Kxb2 Kf8 58. a4 Ke7
59. a5 Kd6 60. a6 Re3 61. Ra1 Re8 62. a7 Ra8 63. Ra5 g5 64. hxg5 h4 65. Kc3 h3
66. Ra2 Kxd5 67. Kd3 Ke5 68. Ke3 h2 69. Rxh2 Rxa7 70. Rh7 Kf5 71. Rg7 Ra3+ 72.
Kf2 Ke6 73. Kg2 Ra4 74. Kg3 Kf5 75. Rxf7+ Kxg5 76. Rf8 Ra3+ 1/2-1/2

[Event "European Hybrid Swiss TB"]
[Site "Tornelo INT"]
[Date "2021.05.30"]
[Round "6.3"]
[White "Fedoseev, Vladimir3"]
[Black "Brkic, Ante"]
[Result "1-0"]
[WhiteTitle "GM"]
[BlackTitle "GM"]
[WhiteElo "2687"]
[BlackElo "2592"]
[WhiteFideId "24130737"]
[BlackFideId "14506688"]
[EventDate "2021.05.30"]

1. Nf3 d5 2. g3 g6 3. Bg2 Bg7 4. d4 Nf6 5. O-O O-O 6. c4 dxc4 7. Na3 c5 8. Nxc4
Be6 9. b3 Nc6 10. Bb2 cxd4 11. Nxd4 Nxd4 12. Bxd4 b6 13. Ne5 Bd5 14. Nc6 Bxc6
15. Bxc6 Rc8 16. Bf3 Ne8 17. Bxg7 Nxg7 18. Rc1 Nf5 19. e3 Qxd1 20. Rfxd1 Nd6 21.
Bg4 f5 22. Bf3 Rxc1 23. Bd5+ Kg7 24. Rxc1 Rc8 25. Rd1 Rc2 26. a4 Kf6 27. Rd3 g5
28. h3 h6 29. Bf3 Ke5 30. Rd5+ Ke6 31. g4 fxg4 32. hxg4 Rc3 33. Rd4 Ke5 34. Rb4
e6 35. Kg2 Rd3 36. a5 bxa5 37. Ra4 Rxb3 38. Rxa5+ Kf6 39. Rxa7 Nf7 40. Ra6 Rb5
41. Be4 Ke7 42. Kg3 Rb4 43. Bg6 Ne5 44. Ra7+ Kf6 45. Bh5 Rb1 46. Rh7 Rg1+ 47.
Kh3 Nf3 48. Rf7+ 1-0

[Event "European Hybrid Swiss TB"]
[Site "Tornelo INT"]
[Date "2021.05.30"]
[Round "6.4"]
[White "Ponkratov, Pavel"]
[Black "Martirosyan, Haik M."]
[Result "1-0"]
[WhiteTitle "GM"]
[BlackTitle "GM"]
[WhiteElo "2624"]
[BlackElo "2637"]
[WhiteFideId "4157800"]
[BlackFideId "13306553"]
[EventDate "2021.05.30"]

1. d4 Nf6 2. c4 e6 3. Nf3 d5 4. g3 Bb4+ 5. Bd2 Be7 6. Bg2 O-O 7. O-O Nbd7 8. Qc2
Ne4 9. Nc3 Nxd2 10. Nxd2 c6 11. e3 Rb8 12. Rfd1 b5 13. c5 e5 14. b4 a5 15. a3
exd4 16. exd4 a4 17. Re1 Re8 18. Qd3 Nf8 19. Nf3 Bf6 20. Ne5 Bxe5 21. dxe5 f6
22. exf6 Rxe1+ 23. Rxe1 Qxf6 24. Qd2 Bf5 25. Bxd5+ cxd5 26. Nxd5 Qf7 27. Re7 Qh5
28. Nf4 Qg5 29. Qd5+ Kh8 30. Rf7 Re8 31. Qxf5 Qd8 32. Kg2 Qa8+ 33. Qd5 Qc8 34.
h4 Rd8 35. Qe5 Qc6+ 36. Kh2 Qh6 37. Qe7 1-0

[Event "European Hybrid Swiss TB"]
[Site "Tornelo INT"]
[Date "2021.05.30"]
[Round "6.5"]
[White "Predke, Alexandr"]
[Black "Sargsyan, Shant"]
[Result "1/2-1/2"]
[WhiteTitle "GM"]
[BlackTitle "GM"]
[WhiteElo "2690"]
[BlackElo "2618"]
[WhiteFideId "24107581"]
[BlackFideId "13306766"]
[EventDate "2021.05.30"]

1. d4 Nf6 2. c4 e6 3. Nf3 d5 4. g3 Bb4+ 5. Bd2 a5 6. Qc1 O-O 7. Bg2 c6 8. O-O
Nbd7 9. Rd1 b6 10. Bxb4 axb4 11. cxd5 cxd5 12. a3 Qe7 13. Nbd2 Ba6 14. Re1 Rfc8
15. Qd1 h6 16. Bf1 bxa3 17. Rxa3 Bb5 18. Rxa8 Rxa8 19. Qb3 Ba4 20. Qc3 Qf8 21.
Ra1 Bb5 22. Rxa8 Qxa8 23. Qb4 Qa6 24. Qa3 Qxa3 25. bxa3 Kf8 26. e3 Bxf1 27. Kxf1
Ke7 28. Ke2 1/2-1/2

[Event "European Hybrid Swiss TB"]
[Site "Tornelo INT"]
[Date "2021.05.30"]
[Round "6.6"]
[White "Alekseev, Evgeny"]
[Black "Tomashevsky, Evgeny"]
[Result "1/2-1/2"]
[WhiteTitle "GM"]
[BlackTitle "GM"]
[WhiteElo "2617"]
[BlackElo "2706"]
[WhiteFideId "4138147"]
[BlackFideId "4147235"]
[EventDate "2021.05.30"]

1. e4 e5 2. Nf3 Nc6 3. Bc4 Bc5 4. O-O Nf6 5. d3 d6 6. c3 a6 7. Bb3 Ba7 8. Re1
O-O 9. h3 h6 10. Nbd2 Re8 11. Nf1 Be6 12. Be3 Bxe3 13. Nxe3 Bxb3 14. Qxb3 Qd7
15. Nh2 Ne7 16. Nhg4 Nxg4 17. hxg4 Qb5 18. Qc2 d5 19. Re2 Qd7 20. Rae1 c6 21.
Nf5 Nxf5 22. gxf5 dxe4 23. dxe4 Rad8 24. g3 Qd3 25. Qb3 Qb5 26. Qc2 Qd3 27. Qb3
Qb5 28. Qc2 Qd3 1/2-1/2

[Event "European Hybrid Swiss TB"]
[Site "Tornelo INT"]
[Date "2021.05.30"]
[Round "6.7"]
[White "Svane, Rasmus"]
[Black "Cheparinov, Ivan"]
[Result "1/2-1/2"]
[WhiteTitle "GM"]
[BlackTitle "GM"]
[WhiteElo "2615"]
[BlackElo "2667"]
[WhiteFideId "4657101"]
[BlackFideId "2905540"]
[EventDate "2021.05.30"]

1. Nf3 c5 2. c4 Nc6 3. Nc3 Nf6 4. g3 e6 5. Bg2 d5 6. cxd5 exd5 7. d4 cxd4 8.
Nxd4 Bc5 9. Nb3 Bb6 10. O-O d4 11. Na4 O-O 12. Bg5 Re8 13. Rc1 h6 14. Bxf6 Qxf6
15. Nac5 Bg4 16. Re1 Rad8 17. h3 Bc8 18. Nd3 h5 19. h4 Ne5 20. Nd2 Ng4 21. Nf3
Bf5 22. Qd2 Re7 23. b4 Rde8 24. a4 a6 25. a5 Ba7 26. Nc5 Rd8 27. Rc4 d3 28. exd3
Bxc5 29. Rxc5 Rxd3 30. Qc1 Rxe1+ 31. Qxe1 Qd8 32. Rc1 g6 33. Ne5 Nxe5 34. Qxe5
Qd4 35. Qe8+ Kg7 36. Rc7 Bd7 37. Qe2 Rd2 38. Qf3 Rd1+ 39. Kh2 Rd2 40. Qxb7 Be6
41. Qb6 Qxf2 42. Qxf2 Rxf2 43. Kg1 Rb2 44. Ra7 Bc4 45. Bb7 Rxb4 46. Bxa6 Bxa6
47. Rxa6 Rb2 48. Rb6 Ra2 49. a6 f6 50. Rb7+ Kh6 51. Rb6 Kg7 52. Rb7+ Kh6 53. Rb6
Kg7 1/2-1/2

[Event "European Hybrid Swiss TB"]
[Site "Tornelo INT"]
[Date "2021.05.30"]
[Round "6.8"]
[White "Lupulescu, Constantin"]
[Black "Zvjaginsev, Vadim"]
[Result "1-0"]
[WhiteTitle "GM"]
[BlackTitle "GM"]
[WhiteElo "2656"]
[BlackElo "2614"]
[WhiteFideId "1207822"]
[BlackFideId "4113403"]
[EventDate "2021.05.30"]

1. Nf3 c5 2. e4 Nc6 3. Bb5 g6 4. O-O Bg7 5. c3 Nf6 6. Re1 O-O 7. h3 e5 8. d3 d6
9. Bg5 h6 10. Bxf6 Qxf6 11. Nbd2 Be6 12. Bc4 Rad8 13. Bxe6 Qxe6 14. c4 f5 15.
Nb1 Rf7 16. Nc3 Rdf8 17. Nd2 Bf6 18. exf5 gxf5 19. f4 Rg7 20. Nf3 Kh7 21. Nd5
Rfg8 22. Re2 Bd8 23. Qe1 Qg6 24. Kh1 e4 25. dxe4 fxe4 26. Nd2 Nd4 27. Nxe4 Nxe2
28. Qxe2 Kh8 29. g4 h5 30. f5 Qh6 31. f6 Rh7 32. g5 Qg6 33. Qf3 h4 34. Rg1 Rf8
35. Nf4 Qf5 36. Nxd6 Qc2 37. Qg2 Qxg2+ 38. Rxg2 Kg8 39. Ne6 Rd7 40. Nxf8 Rxd6
41. Ng6 Rd1+ 42. Rg1 Rd3 43. Kg2 Bc7 44. Nxh4 Rg3+ 45. Kf2 Rxh3 46. Nf5 Be5 47.
Re1 Bxb2 48. Re7 Rh5 49. Rg7+ Kf8 50. Nd6 Be5 51. Ne4 Rh4 52. Kf3 Rf4+ 53. Ke3
Rf5 54. Rxb7 Bf4+ 55. Kd3 Bxg5 56. Rb8+ 1-0

[Event "European Hybrid Swiss TB"]
[Site "Tornelo INT"]
[Date "2021.05.30"]
[Round "6.9"]
[White "Jobava, Baadur"]
[Black "Oparin, Grigoriy"]
[Result "1/2-1/2"]
[WhiteTitle "GM"]
[BlackTitle "GM"]
[WhiteElo "2603"]
[BlackElo "2652"]
[WhiteFideId "13601520"]
[BlackFideId "24125890"]
[EventDate "2021.05.30"]

1. e4 e5 2. Nf3 Nc6 3. Bc4 Nf6 4. d3 Bc5 5. O-O h6 6. c3 O-O 7. b4 Bb6 8. a4 a6
9. Nbd2 d6 10. Bb3 Be6 11. Re1 Ne7 12. Nc4 Ba7 13. Be3 Bxe3 14. Nxe3 Ng6 15. g3
Qd7 16. a5 Rad8 17. Bxe6 fxe6 18. Kg2 Rf7 19. Ra2 Rdf8 20. Nd2 d5 21. f3 Nh7 22.
Rf1 Qc6 23. c4 Nf6 24. Qa4 Qd6 25. Qb3 c6 26. Rc2 Rd8 27. Rf2 Rfd7 28. b5 dxe4
29. dxe4 Qc5 30. Nef1 Rd3 31. Qa2 Nh5 32. Nb3 Qb4 33. Rfd2 cxb5 34. cxb5 Qxb5
35. Rxd3 Rxd3 36. Nc5 Rd6 37. Nxe6 Kh7 38. Nc7 Qd3 39. Rd2 Nhf4+ 40. gxf4 Nh4+
41. Kf2 Qxf3+ 42. Kg1 Rg6+ 43. Ng3 exf4 44. Rf2 Qe3 45. Nd5 Qe1+ 46. Rf1 Rxg3+
47. hxg3 Qxg3+ 48. Kh1 Qh3+ 49. Kg1 Qg3+ 50. Kh1 Qh3+ 51. Kg1 Qg4+ 52. Kh1 Qh3+ 1/2-1/2

[Event "European Hybrid Swiss TB"]
[Site "Tornelo INT"]
[Date "2021.05.30"]
[Round "6.10"]
[White "Nguyen, Thai Dai Van"]
[Black "Laznicka, Viktor"]
[Result "1-0"]
[WhiteTitle "GM"]
[BlackTitle "GM"]
[WhiteElo "2577"]
[BlackElo "2647"]
[WhiteFideId "358878"]
[BlackFideId "316385"]
[EventDate "2021.05.30"]

1. e4 b6 2. d4 Bb7 3. Bd3 e6 4. Nf3 c5 5. c3 Nf6 6. Qe2 cxd4 7. cxd4 Nc6 8. a3
Na5 9. Nbd2 Rc8 10. b4 Nc6 11. d5 Ne7 12. O-O Ng6 13. Nc4 h5 14. Bg5 Qc7 15.
Rac1 Nf4 16. Qd2 Nxd3 17. Qxd3 Nxe4 18. Qxe4 Bxd5 19. Qxd5 exd5 20. Rfe1+ Be7
21. Nd6+ 1-0

[Event "European Hybrid Swiss TB"]
[Site "Tornelo INT"]
[Date "2021.05.30"]
[Round "6.11"]
[White "Savchenko, Boris"]
[Black "Motylev, Alexander"]
[Result "1/2-1/2"]
[WhiteTitle "GM"]
[BlackTitle "GM"]
[WhiteElo "2538"]
[BlackElo "2641"]
[WhiteFideId "4147332"]
[BlackFideId "4121830"]
[EventDate "2021.05.30"]

1. e4 e5 2. Nf3 Nf6 3. Nxe5 d6 4. Nf3 Nxe4 5. Nc3 Nf6 6. d4 g6 7. h3 Bg7 8. Bd3
O-O 9. O-O Nc6 10. a3 Re8 11. Bg5 h6 12. Be3 Ne7 13. Qd2 Kh7 14. Ne2 Ned5 15.
Ng3 Bd7 16. Rae1 b5 17. c3 a5 18. Qc2 Kg8 19. Bc1 a4 20. Nh2 Rxe1 21. Rxe1 Qf8
22. Rf1 Re8 23. f4 Ne3 24. Bxe3 Rxe3 25. Kf2 Qe8 26. Qd2 Re7 27. f5 Bc6 28. fxg6
fxg6 29. Kg1 Kh7 30. Ng4 Nxg4 31. hxg4 Kh8 32. g5 h5 33. Kh2 Bd5 34. Ne2 Be4 35.
Nf4 c5 36. Kh1 Kh7 37. d5 Bxd3 38. Qxd3 Re3 39. Qb1 Qe4 40. Qxe4 Rxe4 41. Ne6
Kg8 42. Nxg7 Kxg7 43. Rf6 Re5 44. Rxd6 Rxg5 45. Rb6 Rxd5 46. Rxb5 Rd2 47. Rxc5
Rxb2 48. Rc4 Rb3 49. Rxa4 Rxc3 1/2-1/2

[Event "European Hybrid Swiss TB"]
[Site "Tornelo INT"]
[Date "2021.05.30"]
[Round "6.12"]
[White "Teclaf, Pawel"]
[Black "Yilmaz, Mustafa"]
[Result "1/2-1/2"]
[WhiteTitle "IM"]
[BlackTitle "GM"]
[WhiteElo "2502"]
[BlackElo "2630"]
[WhiteFideId "1185934"]
[BlackFideId "6302718"]
[EventDate "2021.05.30"]

1. e4 c5 2. Nf3 d6 3. d4 cxd4 4. Nxd4 Nf6 5. Nc3 a6 6. Bc4 e6 7. Bb3 b5 8. Bg5
Be7 9. Qf3 Qc7 10. e5 Bb7 11. exd6 Bxd6 12. Qe3 Bc5 13. O-O-O Nc6 14. Bxf6 gxf6
15. Nd5 Qe5 16. Qxe5 fxe5 17. Nc7+ Ke7 18. Nxc6+ Bxc6 19. Nxa8 Bxg2 20. Nc7 Bxh1
21. Rxh1 Bd6 22. Nxa6 Ra8 23. c4 Rxa6 24. cxb5 Ra8 25. a4 e4 26. Kd2 f5 27. Ke2
Be5 28. Rc1 Bxh2 29. Rh1 Be5 30. Rxh7+ Kd6 31. Rh6 Bxb2 32. Rxe6+ Kc5 33. b6 Rb8
34. a5 Kb5 35. Bd5 Kxa5 36. b7 Kb5 37. Rc6 Be5 38. Rc8 Kb6 39. Rc6+ Kb5 40. Rc1
Kb6 41. Rb1+ Kc7 42. Rb5 Bd4 43. f3 1/2-1/2

[Event "European Hybrid Swiss TB"]
[Site "Tornelo INT"]
[Date "2021.05.30"]
[Round "6.13"]
[White "Kozak, Adam"]
[Black "Deac, Bogdan-Daniel"]
[Result "0-1"]
[WhiteTitle "GM"]
[BlackTitle "GM"]
[WhiteElo "2518"]
[BlackElo "2627"]
[WhiteFideId "753246"]
[BlackFideId "1226380"]
[EventDate "2021.05.30"]

1. Nf3 d5 2. g3 Nf6 3. Bg2 e6 4. O-O Be7 5. c4 O-O 6. b3 b6 7. Bb2 Bb7 8. e3 c5
9. Nc3 Qc8 10. Qe2 Rd8 11. Rfc1 d4 12. exd4 cxd4 13. Nb5 d3 14. Qe1 Nc6 15. Ne5
Nb4 16. Qd1 Nc2 17. Rab1 a6 18. Bxb7 Qxb7 19. Nxd3 axb5 20. Qxc2 bxc4 21. bxc4
Rxa2 22. Qb3 Raa8 23. Bxf6 gxf6 24. Rc3 Ra3 25. Qc2 Rxc3 26. Qxc3 Qe4 27. Rb3
Rd4 28. f3 Qxf3 29. Qxd4 Qd1+ 30. Kg2 Qxb3 31. Nf2 Qc2 32. g4 Bc5 33. Qd8+ Kg7
34. d4 Qd2 0-1

[Event "European Hybrid Swiss TB"]
[Site "Tornelo INT"]
[Date "2021.05.30"]
[Round "6.14"]
[White "Krasenkow, Michal"]
[Black "Sjugirov, Sanan"]
[Result "0-1"]
[WhiteTitle "GM"]
[BlackTitle "GM"]
[WhiteElo "2597"]
[BlackElo "2663"]
[WhiteFideId "1113100"]
[BlackFideId "4189302"]
[EventDate "2021.05.30"]

1. d4 Nf6 2. c4 e6 3. Nf3 d5 4. Nc3 Nbd7 5. cxd5 exd5 6. Bg5 c6 7. e3 Be7 8. Qc2
Nh5 9. Bxe7 Qxe7 10. O-O-O Nb6 11. h3 Be6 12. g4 Nf6 13. Bd3 O-O-O 14. Kb1 Kb8
15. Rc1 g6 16. Nd2 Ne8 17. Nb3 Nd6 18. Nc5 Bc8 19. a4 Nd7 20. b4 Nb6 21. b5 Nbc4
22. Ka1 Bd7 23. Qb3 Ka8 24. Qb4 Rhe8 25. e4 f6 26. exd5 cxb5 27. Nxb5 Bxb5 28.
axb5 Nb6 29. Qb3 f5 30. Ne6 Rc8 31. gxf5 gxf5 32. Rhg1 Kb8 33. Rc5 Qh4 34. Qb4
Qxf2 35. Rf1 Qe3 36. Bxf5 Qe2 37. Re1 Qg2 38. Rc2 Qg3 39. Rg2 Qc3+ 40. Qxc3 Rxc3
41. Bxh7 Nxd5 42. Bg6 Rec8 43. Nc5 Nxb5 44. Bf5 Rd8 45. Reg1 Ne7 46. Ne6 Rd6 47.
Bg4 Nxd4 48. Nxd4 Rxd4 49. Be6 Ra3+ 50. Ra2 Re3 51. Bg4 Nc6 52. Rf1 a5 53. Bf3
Rf4 54. Bg2 Rxf1+ 55. Bxf1 Re1+ 0-1

[Event "European Hybrid Swiss TB"]
[Site "Tornelo INT"]
[Date "2021.05.30"]
[Round "6.15"]
[White "Gabuzyan, Hovhannes"]
[Black "Braun, Arik"]
[Result "1-0"]
[WhiteTitle "GM"]
[BlackTitle "GM"]
[WhiteElo "2590"]
[BlackElo "2609"]
[WhiteFideId "13303732"]
[BlackFideId "4663527"]
[EventDate "2021.05.30"]

1. Nf3 d5 2. g3 Nd7 3. Bg2 e5 4. d3 Ngf6 5. O-O c6 6. e4 Bd6 7. exd5 cxd5 8. c4
O-O 9. Re1 d4 10. a3 a5 11. Bg5 h6 12. Bxf6 Qxf6 13. Nbd2 Nc5 14. Nh4 a4 15. Ne4
Nxe4 16. Bxe4 g6 17. Rc1 Qe7 18. c5 Bxc5 19. Bxg6 fxg6 20. Nxg6 Qf6 21. Nxf8
Bxf8 22. Rxc8 1-0

[Event "European Hybrid Swiss TB"]
[Site "Tornelo INT"]
[Date "2021.05.30"]
[Round "6.16"]
[White "Afanasiev, Nikita"]
[Black "Can, Emre"]
[Result "0-1"]
[WhiteTitle "GM"]
[BlackTitle "GM"]
[WhiteElo "2522"]
[BlackElo "2569"]
[WhiteFideId "24183555"]
[BlackFideId "6302181"]
[EventDate "2021.05.30"]

1. Nf3 d5 2. d4 Nf6 3. c4 e6 4. Nc3 Bb4 5. g3 O-O 6. Bg2 dxc4 7. O-O Nc6 8. a3
Be7 9. Ne5 Nxe5 10. dxe5 Nd7 11. Qd4 c5 12. Qe4 Rb8 13. Qxc4 b5 14. Qf4 Qc7 15.
Rd1 Nxe5 16. a4 a6 17. axb5 axb5 18. Qe4 b4 19. Bf4 Bf6 20. Na4 Bb7 21. Qc2 Bxg2
22. Kxg2 Qc6+ 23. f3 c4 24. Rd4 Rfc8 25. Re4 Rb5 26. Rc1 c3 27. bxc3 b3 28. Qb1
Nc4 29. Rd1 Ra8 30. Nb2 Nxb2 31. Qxb2 Qxc3 32. Qb1 b2 33. Re3 Qc4 34. Re4 Qb3
35. Rd7 h5 36. Re3 Qa2 37. Qe4 b1=Q 38. Red3 Qaa1 0-1